[Event "Oslo GM Open"]
[Site "Oslo NOR"]
[Date "2011.10.02"]
[Round "1"]
[White "Sadler, Matthew D"]
[Black "Kovachev, Daniel Jakobsen"]
[Result "1-0"]
[WhiteTitle "GM"]
[BlackTitle "FM"]
[WhiteElo "2625"]
[BlackElo "2332"]
[WhiteFideId "400173"]
[BlackFideId "1503448"]
[EventDate "2011.10.02"]

1. e4 e5 2. Nf3 Nc6 3. Bb5 a6 4. Ba4 Nf6 5. Qe2 b5 6. Bb3 Bc5 7. c3 d6 8. d3 h6
9. Nbd2 Be6 10. h3 Qd7 11. Nf1 Bb6 12. Ng3 O-O 13. Nh4 Ne7 14. Qf3 Nh7 15. Nhf5
Nxf5 16. Nxf5 Bxf5 17. exf5 c6 18. f6 Nxf6 19. Bxh6 Kh8 20. O-O-O Nh7 21. Bd2 f5
22. g4 fxg4 23. Qe4 gxh3 24. d4 d5 25. Qxe5 Bc7 26. Qh5 h2 27. f4 Rxf4 28. Qxh2
g5 29. Qh6 Rf7 30. Bxg5 Qe6 31. Qh5 Qd7 32. Bc2 Raf8 33. Bf6+ Rxf6 34. Qxh7+ 1-0

[Event "Oslo GM Open"]
[Site "Oslo NOR"]
[Date "2011.10.02"]
[Round "1"]
[White "Welling, Gerard"]
[Black "Volkov, Sergey"]
[Result "1/2-1/2"]
[WhiteTitle "IM"]
[BlackTitle "GM"]
[WhiteElo "2322"]
[BlackElo "2614"]
[WhiteFideId "1000446"]
[BlackFideId "4122763"]
[EventDate "2011.10.02"]

1. d4 d5 2. Bf4 Nf6 3. e3 c5 4. c3 Qb6 5. Qb3 c4 6. Qxb6 axb6 7. Nd2 b5 8. a3
Bf5 9. f3 Nc6 10. g4 Bg6 11. Rc1 Nd7 12. Ne2 Nb6 13. e4 e6 14. Bg3 h6 15. Bg2
Be7 16. O-O O-O 17. f4 dxe4 18. f5 exf5 19. gxf5 Bh5 20. Nf4 e3 21. Nxh5 exd2
22. Rcd1 Bg5 23. Bf4 Rfe8 24. Rxd2 Rad8 25. h4 Bxf4 26. Rxf4 Rd6 27. Bxc6 bxc6
28. Rg2 Kf8 29. Rxg7 Nd5 30. Rfg4 Re1+ 31. Kh2 Re2+ 32. Kh3 Nf6 33. Nxf6 Rxf6
34. Rg2 Re3+ 35. R7g3 Rxg3+ 36. Kxg3 Rxf5 37. Kg4 Rd5 38. Re2 Kg7 39. Re8 Rd6
40. Re5 Rg6+ 41. Kf3 Rf6+ 42. Kg3 Rf1 43. a4 bxa4 44. Rc5 Rg1+ 45. Kf3 Rf1+ 46.
Kg4 Rg1+ 47. Kf3 Rf1+ 48. Kg4 Rg1+ 49. Kf3 1/2-1/2

[Event "Oslo GM Open"]
[Site "Oslo NOR"]
[Date "2011.10.02"]
[Round "1"]
[White "Haugli, Petter"]
[Black "Kulaots, Kaido"]
[Result "0-1"]
[WhiteTitle "IM"]
[BlackTitle "GM"]
[WhiteElo "2300"]
[BlackElo "2592"]
[WhiteFideId "1500104"]
[BlackFideId "4500261"]
[EventDate "2011.10.02"]

1. d4 Nf6 2. c4 e6 3. Nc3 Bb4 4. Qc2 O-O 5. Nf3 c5 6. dxc5 Na6 7. g3 Nxc5 8. Bg2
Nce4 9. O-O Nxc3 10. bxc3 Be7 11. e4 d6 12. e5 dxe5 13. Nxe5 Qc7 14. Qe2 Bd6 15.
Bf4 Ne8 16. c5 Qxc5 17. c4 f6 18. Nd3 Qc7 19. Rab1 Rb8 20. c5 Bxf4 21. Nxf4 Qxc5
22. Nxe6 Qe7 23. Rfe1 Bxe6 24. Qxe6+ Qxe6 25. Rxe6 Nc7 26. Re7 Rf7 27. Rxf7 Kxf7
28. Rxb7 Rxb7 29. Bxb7 Ke6 30. f4 Kd6 31. Kf2 Nd5 32. Kf3 Kc5 33. Ke4 Nc3+ 34.
Kf5 Nxa2 35. Ke6 a5 36. Bd5 Nc1 37. f5 a4 38. g4 a3 39. h3 Ne2 0-1

[Event "Oslo GM Open"]
[Site "Oslo NOR"]
[Date "2011.10.02"]
[Round "1"]
[White "Burmakin, Vladimir"]
[Black "Afek, Yochanan"]
[Result "1/2-1/2"]
[WhiteTitle "GM"]
[BlackTitle "IM"]
[WhiteElo "2588"]
[BlackElo "2299"]
[WhiteFideId "4105109"]
[BlackFideId "2800462"]
[EventDate "2011.10.02"]

1. Nf3 Nf6 2. g3 g6 3. b3 d6 4. Bb2 e5 5. Bg2 Bg7 6. O-O O-O 7. c4 c6 8. Nc3 Nh5
9. d4 f5 10. dxe5 dxe5 11. Qxd8 Rxd8 12. Rfd1 Re8 13. Na4 e4 14. Nd4 Nd7 15. f3
Nhf6 16. Rac1 a6 17. Ba3 b5 18. Nc5 Nxc5 19. Bxc5 Bb7 20. Bb6 Rac8 21. f4 c5 22.
Nc2 bxc4 23. bxc4 Bc6 24. Rd6 1/2-1/2

[Event "Oslo GM Open"]
[Site "Oslo NOR"]
[Date "2011.10.02"]
[Round "1"]
[White "Dolzhikova, Olga"]
[Black "Ernst, Sipke"]
[Result "0-1"]
[WhiteTitle "WGM"]
[BlackTitle "GM"]
[WhiteElo "2275"]
[BlackElo "2581"]
[WhiteFideId "14105870"]
[BlackFideId "1004689"]
[EventDate "2011.10.02"]

1. e4 e5 2. d4 exd4 3. Qxd4 Nc6 4. Qe3 Nf6 5. Nc3 Bb4 6. Bd2 O-O 7. O-O-O Re8 8.
Qg3 Nxe4 9. Nxe4 Rxe4 10. c3 Bd6 11. f4 Qf6 12. Nh3 Be7 13. Bd3 Ra4 14. f5 Qh4
15. Qxc7 Rxa2 16. Nf4 Ra1+ 17. Kc2 Ra5 18. Rhe1 Rc5 19. Kb1 Ne5 20. Qxc5 Bxc5
21. Rxe5 Bf8 22. Re8 b6 23. Rde1 Bb7 24. Rxa8 Bxa8 25. Re8 Bc6 26. h3 Qg3 27.
Bc2 Qf2 28. Re2 Qc5 29. Be3 Qe5 30. Bc1 Qb8 31. g4 h6 32. Nh5 a5 33. Bf4 d6 34.
Re3 Qd8 35. Bg3 Be7 36. Re1 Bh4 37. Rd1 Bxg3 38. Nxg3 Qe7 39. Nh5 Qe5 40. Rd2
Kf8 41. Bd3 Qe1+ 0-1

[Event "Oslo GM Open"]
[Site "Oslo NOR"]
[Date "2011.10.02"]
[Round "1"]
[White "Rozentalis, Eduardas"]
[Black "Hagesaether, Ellen"]
[Result "1-0"]
[WhiteTitle "GM"]
[BlackTitle "WIM"]
[WhiteElo "2575"]
[BlackElo "2263"]
[WhiteFideId "12800023"]
[BlackFideId "1501909"]
[EventDate "2011.10.02"]

1. e4 c6 2. Nc3 d5 3. Nf3 dxe4 4. Nxe4 Bg4 5. h3 Bxf3 6. Qxf3 Nf6 7. Bc4 e6 8.
Nxf6+ Qxf6 9. Qxf6 gxf6 10. d4 Nd7 11. c3 h5 12. h4 Bh6 13. Be2 Bxc1 14. Rxc1 f5
15. b4 Ke7 16. Rh3 Rac8 17. a4 Nf6 18. c4 Rhg8 19. Kf1 Rc7 20. Rd3 Rd8 21. Rcd1
Ng4 22. g3 Nf6 23. Bf3 a5 24. bxa5 Ra8 25. d5 cxd5 26. cxd5 exd5 27. Bxd5 Rxa5
28. Bb3 Rd7 29. Rxd7+ Nxd7 30. Bxf7 Rxa4 31. Bxh5 Nf6 32. Bf3 b5 33. Rb1 b4 34.
Bd1 Ne4 35. Bxa4 Nd2+ 36. Ke1 Nxb1 37. Bc2 Na3 38. Kd1 b3 39. Bxb3 Nb5 40. Kd2
Kf6 41. Ke3 Ke5 42. h5 1-0

[Event "Oslo GM Open"]
[Site "Oslo NOR"]
[Date "2011.10.02"]
[Round "1"]
[White "Arvola, Benjamin"]
[Black "Mikhalevski, Victor"]
[Result "0-1"]
[BlackTitle "GM"]
[WhiteElo "2244"]
[BlackElo "2542"]
[WhiteFideId "1506536"]
[BlackFideId "2801914"]
[EventDate "2011.10.02"]

1. e4 e5 2. Nf3 Nc6 3. Bb5 Nf6 4. d3 d6 5. O-O g6 6. d4 Bd7 7. Nc3 exd4 8. Nxd4
Bg7 9. Bg5 h6 10. Bh4 O-O 11. Nxc6 bxc6 12. Bc4 Qe7 13. Re1 Qe5 14. Bb3 Nh5 15.
Qf3 Rae8 16. Rad1 Kh7 17. Qe3 Qf4 18. Qxf4 Nxf4 19. f3 g5 20. Bf2 g4 21. Be3 Ng6
22. Bd4 Bxd4+ 23. Rxd4 gxf3 24. gxf3 Re5 25. Ne2 f5 26. exf5 Rfxf5 27. Kf2 c5
28. Rd3 Bc6 29. Rg1 Rf8 30. Rg3 Ref5 31. c3 Ne5 32. Bc2 Be4 33. Rd2 Bxc2 34.
Rxc2 Nxf3 35. Rc1 Nxh2+ 36. Ke1 Re5 37. Rg2 Rf1+ 38. Kd2 Nf3+ 39. Kc2 Ne1+ 40.
Kd2 Nf3+ 41. Kc2 Rxc1+ 42. Kxc1 Rf5 43. Rg4 c6 44. Ra4 Rf7 45. Ng3 d5 46. Kd1
Ne5 47. Rh4 Rf3 48. Ne2 Rf1+ 49. Kc2 Rf2 50. Kd1 Rf1+ 51. Kc2 Re1 52. Nf4 Re4
53. b3 Nf3 54. Rg4 Ng5 55. Kd3 Nh3 0-1

[Event "Oslo GM Open"]
[Site "Oslo NOR"]
[Date "2011.10.02"]
[Round "1"]
[White "Elsness, Frode"]
[Black "Thingstad, Even"]
[Result "1-0"]
[WhiteTitle "IM"]
[WhiteElo "2491"]
[BlackElo "2234"]
[WhiteFideId "1501100"]
[BlackFideId "1506439"]
[EventDate "2011.10.02"]

1. d4 d5 2. c4 c6 3. Nf3 Nf6 4. e3 e6 5. b3 Nbd7 6. Bd3 b6 7. O-O Bb7 8. Bb2 Be7
9. Nc3 O-O 10. Qe2 Rc8 11. Ne5 Nxe5 12. dxe5 Nd7 13. f4 Nc5 14. Bc2 dxc4 15.
bxc4 Qc7 16. f5 exf5 17. Bxf5 Rcd8 18. Qh5 g6 19. Qh6 Rd2 20. Bc1 Rdd8 21. Bb2
Rd2 22. e6 Rxb2 23. exf7+ Rxf7 24. Be6 Nxe6 25. Rxf7 Kxf7 26. Qxh7+ Ng7 27. Rf1+
Bf6 28. Ne4 Rb1 29. Rxb1 Qe5 30. Nxf6 Kxf6 31. Rf1+ Ke7 32. Qxg6 Ne6 33. Rf7+
Kd6 34. Qd3+ Kc5 35. Rf5 1-0

[Event "Oslo GM Open"]
[Site "Oslo NOR"]
[Date "2011.10.02"]
[Round "1"]
[White "Vaarala, Eric"]
[Black "Djurhuus, Rune"]
[Result "1/2-1/2"]
[BlackTitle "GM"]
[WhiteElo "2226"]
[BlackElo "2458"]
[WhiteFideId "1711962"]
[BlackFideId "1500082"]
[EventDate "2011.10.02"]

1. e4 c5 2. Nf3 d6 3. Bc4 Nc6 4. h3 Nf6 5. Qe2 e6 6. O-O Be7 7. d3 O-O 8. c3 a6
9. Bb3 b5 10. Bg5 h6 11. Bf4 e5 12. Be3 d5 13. exd5 Nxd5 14. Nbd2 Bf5 15. Ne4
Nf4 16. Bxf4 exf4 17. Rad1 Re8 18. Qd2 Qc7 19. Bd5 g5 20. c4 Rad8 21. Qc3 Bxe4
22. dxe4 b4 23. Qc2 Bf6 24. Bxc6 Qxc6 25. Rd5 Rxd5 26. cxd5 Qd6 27. Rc1 Rc8 28.
e5 Bxe5 29. Qf5 Re8 30. Re1 f6 31. Qg6+ Kf8 32. Qxh6+ Ke7 33. Nxe5 fxe5 34.
Qxg5+ Kd7 35. Qf5+ Kc7 36. Qe4 Kb6 37. a3 a5 38. axb4 axb4 39. Ra1 Re7 40. Qc4
Ra7 41. Rxa7 Kxa7 42. h4 Kb6 43. Qe4 b3 44. Qc4 Kc7 45. Qxb3 e4 46. Qc4 e3 47.
Kf1 Kd8 48. Ke2 Qe5 49. fxe3 Qxb2+ 50. Kf3 fxe3 51. Kxe3 Qxg2 52. Qf4 1/2-1/2

[Event "Oslo GM Open"]
[Site "Oslo NOR"]
[Date "2011.10.02"]
[Round "1"]
[White "Urkedal, Frode"]
[Black "Tari, Aryan"]
[Result "1-0"]
[WhiteTitle "IM"]
[WhiteElo "2447"]
[BlackElo "2224"]
[WhiteFideId "1506102"]
[BlackFideId "1510045"]
[EventDate "2011.10.02"]

1. d4 Nf6 2. c4 e6 3. Nc3 Bb4 4. e3 O-O 5. Bd3 d5 6. Nf3 c5 7. O-O Nc6 8. a3
Bxc3 9. bxc3 dxc4 10. Bxc4 Qc7 11. a4 Rd8 12. Ba3 cxd4 13. cxd4 Nxd4 14. Nxd4
Qxc4 15. Be7 Rd5 16. Rc1 Qa6 17. Bxf6 gxf6 18. e4 Rd8 19. Qg4+ Kh8 20. Qh4 Qd6
21. Qxf6+ Kg8 22. Nb5 Qf8 23. Rc3 h6 24. e5 Bd7 25. Nd6 Be8 26. Re1 Kh7 27. Rg3
Rd7 28. Re4 Rc7 29. h3 1-0

[Event "Oslo GM Open"]
[Site "Oslo NOR"]
[Date "2011.10.02"]
[Round "1"]
[White "Skrondal, Inge Sandstad"]
[Black "Ostmoe, Geir S. Tallaksen"]
[Result "0-1"]
[WhiteTitle "CM"]
[BlackTitle "FM"]
[WhiteElo "2222"]
[BlackElo "2443"]
[WhiteFideId "1505114"]
[BlackFideId "1502778"]
[EventDate "2011.10.02"]

1. d4 Nf6 2. c4 c5 3. d5 b5 4. cxb5 a6 5. f3 axb5 6. e4 Qa5+ 7. Bd2 b4 8. Na3 d6
9. Nc4 Qd8 10. Bd3 e6 11. Ne3 Be7 12. Ne2 O-O 13. Nf4 Na6 14. a3 exd5 15. exd5
Nd7 16. Qb1 Bg5 17. Ng4 Re8+ 18. Kf1 Nf6 19. Nxf6+ Qxf6 20. Nh5 Qh6 21. f4 Qxh5
22. fxg5 Nc7 23. axb4 Rxa1 24. Qxa1 Bh3 25. Kg1 Qg4 26. Bf1 Qd4+ 0-1

[Event "Oslo GM Open"]
[Site "Oslo NOR"]
[Date "2011.10.02"]
[Round "1"]
[White "Galinsky, Timofey"]
[Black "Hanssen, Gunnar Berg"]
[Result "1/2-1/2"]
[WhiteTitle "IM"]
[WhiteElo "2441"]
[BlackElo "2217"]
[WhiteFideId "14104164"]
[BlackFideId "1501534"]
[EventDate "2011.10.02"]

1. d4 Nf6 2. Nc3 d5 3. Bg5 Nbd7 4. Nf3 h6 5. Bh4 c6 6. e3 e6 7. Bd3 Be7 8. O-O
O-O 9. a3 Ne4 10. Bxe7 Nxc3 11. Bxd8 Nxd1 12. Rfxd1 Rxd8 13. c4 dxc4 14. Bxc4 b6
15. Be2 Bb7 16. Nd2 c5 17. Bf3 Bxf3 18. Nxf3 Kf8 19. Kf1 Ke8 20. Ke2 Rac8 21.
Rac1 a6 22. dxc5 Nxc5 23. Rxd8+ Kxd8 24. Ne5 f6 25. Rd1+ Ke7 26. Ng6+ Kf7 27.
Nh4 Ke7 28. Ng6+ Kf7 29. Nf4 g5 30. Nh5 f5 31. Rc1 Rd8 32. b4 Ne4 33. Rc7+ Kg6
34. Ng3 Nxg3+ 35. hxg3 Rd6 36. a4 Kf6 37. f3 h5 38. Ra7 b5 39. axb5 axb5 40. Rb7
Ra6 41. Rxb5 Ra2+ 42. Kf1 Ra1+ 43. Kf2 Ra2+ 44. Kg1 Ra1+ 45. Kh2 Re1 46. Rb8
Rxe3 47. b5 Rb3 48. f4 g4 49. b6 Rb4 50. Rb7 Kg6 51. Rb8 Kf6 52. Rb7 Kg6 53. Rb8 1/2-1/2

[Event "Oslo GM Open"]
[Site "Oslo NOR"]
[Date "2011.10.02"]
[Round "1"]
[White "Meurs, Tom"]
[Black "Raznikov, Danny"]
[Result "0-1"]
[BlackTitle "IM"]
[WhiteElo "2217"]
[BlackElo "2433"]
[WhiteFideId "1021176"]
[BlackFideId "2811154"]
[EventDate "2011.10.02"]

1. e4 c5 2. Nf3 d6 3. d4 cxd4 4. Nxd4 Nf6 5. Nc3 a6 6. Bg5 Nbd7 7. f4 Qc7 8. Qf3
h6 9. Bxf6 Nxf6 10. f5 Qc5 11. O-O-O g5 12. Nd5 Nxd5 13. exd5 Bg7 14. Nb3 Qb6
15. h4 Bd7 16. Re1 Bf6 17. hxg5 Bxg5+ 18. Kb1 O-O-O 19. Re4 Kb8 20. Bd3 Bf6 21.
c3 a5 22. Bc2 Rc8 23. a4 h5 24. g3 Rhg8 25. Nd4 Be5 26. g4 hxg4 27. Rxg4 Rxg4
28. Qxg4 Rxc3 29. Nb5 Bxb5 0-1

[Event "Oslo GM Open"]
[Site "Oslo NOR"]
[Date "2011.10.02"]
[Round "1"]
[White "Houska, Jovanka"]
[Black "Haarr, Jon Kristian"]
[Result "1-0"]
[WhiteTitle "IM"]
[WhiteElo "2427"]
[BlackElo "2211"]
[WhiteFideId "405094"]
[BlackFideId "1505963"]
[EventDate "2011.10.02"]

1. d4 Nf6 2. Nf3 c5 3. d5 b5 4. Bg5 Ne4 5. Bf4 Qa5+ 6. c3 Bb7 7. Qd3 f5 8. Nbd2
e6 9. Nxe4 fxe4 10. Qxe4 Bxd5 11. Qc2 Be7 12. e3 Bf6 13. e4 Bb7 14. e5 Be7 15.
Bd3 Rf8 16. Be3 Nc6 17. Bxh7 O-O-O 18. Be4 Qc7 19. a4 a6 20. axb5 axb5 21. Qe2
c4 22. O-O g5 23. h3 g4 24. hxg4 d5 25. exd6 Bxd6 26. Rfd1 Rh8 27. Bg5 Rdf8 28.
Qe3 Kb8 29. Bh6 Rfg8 30. Bxc6 Bxc6 31. Rxd6 Rxh6 32. Rxc6 Qxc6 33. Qxh6 Rxg4 34.
Qf8+ Kc7 35. Ra7+ Kb6 36. Qb8+ Kc5 37. Rc7 1-0

[Event "Oslo GM Open"]
[Site "Oslo NOR"]
[Date "2011.10.02"]
[Round "1"]
[White "Vogel, Jaap"]
[Black "Batsiashvili, Nino"]
[Result "0-1"]
[WhiteTitle "FM"]
[BlackTitle "WGM"]
[WhiteElo "2207"]
[BlackElo "2413"]
[WhiteFideId "1000764"]
[BlackFideId "13602993"]
[EventDate "2011.10.02"]

1. d4 d5 2. c4 e6 3. Nf3 Nf6 4. Nc3 Bb4 5. e3 O-O 6. Be2 c5 7. O-O Nc6 8. a3
Bxc3 9. bxc3 dxc4 10. Bxc4 Qc7 11. Qc2 e5 12. dxe5 Nxe5 13. Nxe5 Qxe5 14. f4 Qe7
15. Bd3 Bd7 16. c4 Bc6 17. Re1 Ne4 18. Bb2 f6 19. Be2 Rad8 20. Rad1 Rxd1 21.
Rxd1 Nd6 22. Kf2 Re8 23. Bc1 Qe4 24. Qxe4 Nxe4+ 25. Ke1 Nc3 26. Rd3 Nxe2 27.
Kxe2 Bxg2 28. Rd7 Rc8 0-1

[Event "Oslo GM Open"]
[Site "Oslo NOR"]
[Date "2011.10.02"]
[Round "1"]
[White "Paikidze, Nazi"]
[Black "Andersen, Alf R."]
[Result "1-0"]
[WhiteTitle "WGM"]
[WhiteElo "2412"]
[BlackElo "2206"]
[WhiteFideId "13603620"]
[BlackFideId "1503120"]
[EventDate "2011.10.02"]

1. Nf3 f5 2. d4 Nf6 3. g3 g6 4. Bg2 Bg7 5. c4 d6 6. O-O O-O 7. Nc3 Qe8 8. d5 Na6
9. Nd4 Bd7 10. b3 c6 11. Bb2 Nc7 12. Qd2 c5 13. Ne6 Nxe6 14. dxe6 Bc6 15. Nd5
Bxd5 16. cxd5 h6 17. b4 b6 18. a4 g5 19. f4 Qg6 20. bxc5 bxc5 21. Rab1 Rab8 22.
Kh1 gxf4 23. gxf4 Qh5 24. Bxf6 Bxf6 25. Qd3 Kh8 26. Bf3 Qh3 27. Be4 Qxd3 28.
Bxd3 Bd4 29. Rb5 Rb6 30. Kg2 Kg7 31. Kf3 Kf6 32. Rc1 Rg8 33. e3 Rxb5 34. axb5
Bb2 35. Rc2 Ba3 36. Ra2 c4 37. Rxa3 cxd3 38. Rxd3 Rb8 39. Rb3 Rb6 40. h4 a6 41.
h5 axb5 42. Rb1 Kg7 43. e4 fxe4+ 44. Kxe4 b4 45. Rg1+ Kf8 46. Kf5 b3 47. Kg6 b2
48. Rb1 Rb3 49. Kxh6 Kg8 50. f5 Rb4 51. Rg1+ Kh8 52. Rb1 Kg8 53. Kg5 Rb3 54. f6
Kf8 55. f7 Rb4 56. Kf5 Rb3 57. Kf4 Rb4+ 58. Kf3 Rb3+ 59. Kf2 Rh3 60. Rg1 Rh2+
61. Ke3 Rh3+ 62. Kd2 Rh2+ 63. Kc3 Rh3+ 64. Kc2 Rh2+ 65. Kb3 Rh3+ 66. Ka4 Rh4+
67. Ka5 Rg4 68. Rxg4 1-0

[Event "Oslo GM Open"]
[Site "Oslo NOR"]
[Date "2011.10.02"]
[Round "1"]
[White "Moor, Olivier"]
[Black "Lillevold, Frode"]
[Result "1-0"]
[WhiteTitle "IM"]
[WhiteElo "2399"]
[BlackElo "2164"]
[WhiteFideId "1303112"]
[BlackFideId "1502913"]
[EventDate "2011.10.02"]

1. d4 d5 2. c4 c6 3. Nf3 Nf6 4. e3 e6 5. b3 Nbd7 6. Bd3 Be7 7. O-O O-O 8. Bb2 b6
9. Nbd2 Bb7 10. Qe2 Rc8 11. Rad1 Rc7 12. e4 dxe4 13. Nxe4 Qa8 14. c5 Nd5 15. Bb1
Rd8 16. Ne5 Nxe5 17. dxe5 Rcd7 18. Qg4 g6 19. Bd4 Bf8 20. Rfe1 Bg7 21. Rc1 Ne7
22. Bc3 Ba6 23. Nf6+ Bxf6 24. exf6 Nd5 25. Qh4 Kh8 26. Bxg6 1-0

[Event "Oslo GM Open"]
[Site "Oslo NOR"]
[Date "2011.10.02"]
[Round "1"]
[White "Arjun, Bharat"]
[Black "Getz, Nicolai"]
[Result "0-1"]
[WhiteTitle "CM"]
[BlackTitle "FM"]
[WhiteElo "2156"]
[BlackElo "2391"]
[WhiteFideId "5032725"]
[BlackFideId "1505572"]
[EventDate "2011.10.02"]

1. Nf3 Nf6 2. c4 e6 3. Nc3 d5 4. d4 Be7 5. g3 O-O 6. Bg2 dxc4 7. Qa4 a6 8. Qxc4
b5 9. Qb3 Bb7 10. O-O Nbd7 11. Rd1 Qc8 12. Bf4 c5 13. Rac1 c4 14. Qc2 Nb6 15.
Ne5 Bxg2 16. Kxg2 Nfd5 17. Nxd5 exd5 18. e4 Qb7 19. f3 Rad8 20. Kg1 Bd6 21. Ng4
Bxf4 22. gxf4 dxe4 23. fxe4 f5 24. exf5 Qf3 25. Qg2 Qxg2+ 26. Kxg2 Rxf5 27. Kg3
Nd5 28. Rf1 Rdf8 29. Rce1 Nxf4 30. Ne3 Rg5+ 31. Kh4 h6 32. a4 Ng2+ 33. Nxg2 Rxf1
34. Rxf1 Rxg2 35. axb5 axb5 36. Rd1 Rxb2 37. d5 c3 38. d6 Rd2 39. Rb1 c2 40. Rc1
b4 41. d7 b3 42. Kh5 Rxd7 43. h4 Rd1 0-1

[Event "Oslo GM Open"]
[Site "Oslo NOR"]
[Date "2011.10.02"]
[Round "1"]
[White "Hole, Oystein"]
[Black "Briseid, Hakon"]
[Result "1/2-1/2"]
[WhiteTitle "IM"]
[WhiteElo "2387"]
[BlackElo "2145"]
[WhiteFideId "1501526"]
[BlackFideId "1506668"]
[EventDate "2011.10.02"]

1. Nf3 d5 2. d4 Nf6 3. c4 e6 4. Nc3 Be7 5. Bg5 O-O 6. e3 h6 7. Bxf6 Bxf6 8. Rc1
c6 9. Bd3 Nd7 10. O-O dxc4 11. Bxc4 e5 12. h3 exd4 13. exd4 Nb6 14. Bd3 Be6 15.
Re1 Nd5 16. Bb1 Re8 17. Ne5 g6 18. Na4 Bg5 19. Rc5 Be7 20. Rc1 Bg5 21. Rc5 Be7
22. Nxg6 Bxc5 23. Nxc5 Bxh3 24. Ne5 Qg5 25. Qf3 f6 26. Qxh3 fxe5 27. Ne6 Nf4 28.
Nxg5 Nxh3+ 29. Nxh3 exd4 30. Rd1 Re2 31. b3 Rae8 32. Kf1 a5 33. a4 Rb2 34. Bd3
Kg7 35. Bc4 d3 36. Bxd3 Rxb3 37. Nf4 Rb4 38. Nh5+ Kf7 39. Bc2 Re7 40. g3 Rb2 41.
Bf5 Ree2 42. Rd7+ Kf8 43. Rd8+ Kf7 44. Rd7+ Kf8 45. Rd8+ Kf7 46. Rd7+ 1/2-1/2

[Event "Oslo GM Open"]
[Site "Oslo NOR"]
[Date "2011.10.02"]
[Round "1"]
[White "Bjerke, Richard"]
[Black "Popilski, Gil"]
[Result "1-0"]
[WhiteTitle "FM"]
[BlackTitle "IM"]
[WhiteElo "2135"]
[BlackElo "2381"]
[WhiteFideId "1500252"]
[BlackFideId "2809060"]
[EventDate "2011.10.02"]

1. d4 Nf6 2. c4 e6 3. Nc3 Bb4 4. e3 O-O 5. Bd3 d5 6. Nf3 Nc6 7. O-O a6 8. a3
dxc4 9. Bxc4 Bd6 10. Qc2 h6 11. b4 e5 12. dxe5 Nxe5 13. Nxe5 Bxe5 14. f4 Bd6 15.
Bb2 b5 16. Ba2 c5 17. Nd5 Nd7 18. Qc3 f6 19. bxc5 Nxc5 20. Nxf6+ Kh8 21. Ne4 1-0

[Event "Oslo GM Open"]
[Site "Oslo NOR"]
[Date "2011.10.02"]
[Round "1"]
[White "Gronn, Atle"]
[Black "Mihajlov, Svetoslav"]
[Result "1-0"]
[WhiteTitle "IM"]
[WhiteElo "2378"]
[BlackElo "2122"]
[WhiteFideId "1500961"]
[BlackFideId "1507168"]
[EventDate "2011.10.02"]

1. Nf3 d5 2. d4 Nf6 3. c4 c6 4. Qc2 dxc4 5. Qxc4 Nbd7 6. Nc3 Nb6 7. Qd3 g6 8. e4
Bg7 9. Be2 O-O 10. O-O a5 11. Rd1 Be6 12. h3 Bc4 13. Qc2 Bxe2 14. Qxe2 Ne8 15.
Be3 Nd6 16. d5 cxd5 17. Bxb6 Qxb6 18. e5 Nf5 19. Nxd5 Qa7 20. g4 Ng3 21. Qd3 f5
22. exf6 Bxf6 23. Kg2 e6 24. Nxf6+ Rxf6 25. fxg3 Raf8 26. Rf1 Qb6 27. Qb3 Qc6
28. Rac1 a4 29. Qc4 Qb6 30. Rc2 Qe3 31. Re2 1-0

[Event "Oslo GM Open"]
[Site "Oslo NOR"]
[Date "2011.10.02"]
[Round "1"]
[White "Van Eijk, Sander"]
[Black "Hauge, Lars Oskar"]
[Result "1/2-1/2"]
[WhiteTitle "FM"]
[WhiteElo "2372"]
[BlackElo "2086"]
[WhiteFideId "1011510"]
[BlackFideId "1509276"]
[EventDate "2011.10.02"]

1. e4 c5 2. Nc3 g6 3. Nge2 Bg7 4. d4 cxd4 5. Nxd4 Nc6 6. Nde2 Nf6 7. g3 O-O 8.
Bg2 d6 9. O-O Bd7 10. h3 Rc8 11. Be3 Qa5 12. Rc1 Ne5 13. b3 b5 14. Nd5 Rfe8 15.
Bd4 Bc6 16. Bc3 Qa3 17. Bb4 Qa6 18. Nd4 Ba8 19. Qe2 Nc6 20. Nxc6 Bxc6 21. a4 Qb7
22. Nxf6+ Bxf6 23. a5 a6 24. Rcd1 Bg7 25. f3 Qc7 26. Kh2 Bb7 27. c3 Red8 28. f4
Qd7 29. e5 Bxg2 30. Qxg2 Qe6 31. exd6 exd6 32. Qb2 d5 33. Rfe1 Qc6 34. Rd3 Re8
35. Rxe8+ Rxe8 36. Qg2 Re4 37. Qf3 Qf6 38. Bc5 h5 39. Be3 Qf5 40. g4 hxg4 41.
hxg4 Qe6 42. Kg3 f5 43. g5 Qc6 44. Bf2 Kf7 45. Qd1 Ke6 46. Qd2 Bf8 47. Be3 Bc5
48. Bd4 Qc7 49. Bf6 Bd6 50. Rf3 Qh7 51. Qf2 Qh5 52. Kg2 Qg4+ 53. Qg3 Rxf4 54.
Qxg4 Rxg4+ 55. Kh1 Be5 56. Bxe5 Kxe5 57. Re3+ Kd6 58. Re8 Rxg5 59. Ra8 Rg3 60.
Rxa6+ Kc7 61. Rb6 Rxc3 62. Rxb5 d4 63. Kg2 d3 64. Kf3 d2+ 65. Ke2 Rd3 66. Kd1 f4 1/2-1/2

[Event "Oslo GM Open"]
[Site "Oslo NOR"]
[Date "2011.10.02"]
[Round "1"]
[White "Gronnestad, Anita"]
[Black "Klein, David"]
[Result "0-1"]
[BlackTitle "FM"]
[WhiteElo "1990"]
[BlackElo "2359"]
[WhiteFideId "1502972"]
[BlackFideId "1003623"]
[EventDate "2011.10.02"]

1. e4 c5 2. Nf3 d6 3. d4 cxd4 4. Nxd4 Nf6 5. Nc3 a6 6. Bg5 e6 7. Be2 Be7 8. Bf3
Qc7 9. O-O Nc6 10. Nxc6 bxc6 11. a4 Rb8 12. b3 h6 13. Be3 a5 14. Be2 Rb4 15. Bd3
e5 16. f3 Be6 17. Ne2 Rb8 18. Qe1 d5 19. Ng3 d4 20. Bd2 Bb4 21. Nf5 Bxf5 22.
Bxb4 Rxb4 23. exf5 O-O 24. g4 Nd5 25. Qh4 Qd8 26. Qg3 Nf4 27. Rad1 c5 28. Rfe1
Re8 29. Bb5 Re7 30. Qh4 Qd6 31. Re4 Nd5 32. Qe1 Qf6 33. Rd3 Nc3 34. Re2 Nxe2+
35. Qxe2 Qg5 36. Kg2 h5 37. h3 Qf4 38. Qf2 hxg4 39. hxg4 e4 40. fxe4 Qxg4+ 41.
Rg3 Qxe4+ 42. Kh2 Qh4+ 43. Kg2 Qf6 44. Qf3 Re3 45. Qa8+ Kh7 46. Rg4 d3 47. Rxb4
Qg5+ 48. Kf1 Qxf5+ 49. Kg2 Qh3+ 0-1

[Event "Oslo GM Open"]
[Site "Oslo NOR"]
[Date "2011.10.03"]
[Round "2"]
[White "Tiviakov, Sergei"]
[Black "Bjerke, Richard"]
[Result "1-0"]
[WhiteTitle "GM"]
[BlackTitle "FM"]
[WhiteElo "2647"]
[BlackElo "2135"]
[WhiteFideId "1008013"]
[BlackFideId "1500252"]
[EventDate "2011.10.02"]

1. e4 e6 2. d4 d5 3. Nd2 Nf6 4. e5 Nfd7 5. c3 c5 6. Bd3 Nc6 7. Ne2 cxd4 8. cxd4
f6 9. exf6 Nxf6 10. O-O Bd6 11. Nf3 O-O 12. Bf4 Bxf4 13. Nxf4 Ne4 14. Qc1 Ng5
15. Nxg5 Qxg5 16. Ne2 Qf6 17. Qc2 h6 18. Rad1 Bd7 19. Qd2 Be8 20. Bc2 Bg6 21.
Ba4 Ne7 22. Nc3 a6 23. Rfe1 b5 24. Bb3 Rad8 25. Qe3 Bf5 26. Ne2 Be4 27. f3 Bg6
28. Rc1 Rc8 29. Rxc8 Nxc8 30. Rc1 Ne7 31. Rc7 Rc8 32. Ra7 Rc6 33. Qe5 Qxe5 34.
dxe5 Nf5 35. Kf2 Bf7 36. g4 Nh4 37. Nd4 Rc1 38. Rxa6 Ng6 39. Nxe6 Bxe6 40. Rxe6
Nf4 41. Rb6 1-0